Memorias y representaciones en el cine chileno y latinoamericano

Guardado en:
Detalles Bibliográficos
Autor principal: Villarroel, Mónica (Autor)
Formato: Libro
Lenguaje:español
Publicado: Santiago Lom Ediciones 2016
Santiago Centro Cultural la Moneda Cineteca Nacional de Chile 2016
Edición:1a. ed
Colección:Cultura y Sociedad. Ciencias Sociales y Humanas
Materias:
Etiquetas: Agregar Etiqueta
Sin Etiquetas, Sea el primero en etiquetar este registro!

MARC

LEADER 00000cam a2200000 a 4500
001 UCC0199
003 CL-VaPUC
008 170721e20160400cl |||||||||||||||||spa|d
020 |a 9789560006547 
082 0 4 |a 790  |b VIL  |2 21 
100 0 |a Villarroel, Mónica  |e author  |9 594117 
245 1 0 |a Memorias y representaciones en el cine chileno y latinoamericano 
250 |a 1a. ed 
300 |a 251 p 
942 |c BK 
945 |d 20170721 23:47:00  |a arojas 
260 |a Santiago  |b Lom Ediciones  |c 2016 
260 |a Santiago  |b Centro Cultural la Moneda Cineteca Nacional de Chile  |c 2016 
650 0 |a Historia del cine  |9 265166 
650 0 |a Cine chileno  |9 265165 
650 7 |a CINE EXPERIMENTAL  |2 CL-VaPUC  |9 449635 
651 0 |a América Latina   |9 255027 
583 |a last modification  |c 20170721 23:47:00  |k Rodrigo Vera 
490 0 |a Cultura y Sociedad. Ciencias Sociales y Humanas 
999 |c 369103  |d 369101 
952 |0 0  |1 0  |3 erb  |4 0  |6 790_000000000000000_VIL_2016_2016  |7 0  |8 A  |9 484660  |a BIBHIS  |b BIBHIS  |i 5409586  |l 1  |o 790 VIL 2016 2016  |p 5409586  |r 2025-01-20  |s 2023-05-30  |w 2019-11-24  |y BK  |z Catalogado en:20170721  |k HIS